000 00317nam a2200121Ia 4500
008 201217s9999 xx 000 0 und d
100 _aBruun, Per
245 0 _aPort Engineering Vol-1 : Harbor Planning, Breakwaters and Marine Terminals
260 _aNew York
_bASCI
300 _a1461
490 _vVol 1
942 _cBK
999 _c7962
_d7962